000 00341 a2200157 4500
001 56448
020 _a8570561768
040 _cAnchieta - Pituba
100 _aAlbergaria, Lino de
240 1 0 _aO relógio do mundo
_lpor
245 1 0 _aO relógio do mundo
300 _a60
362 0 _a1989
650 4 _aLiteratura juvenil
942 _cBK
999 _c56448
_d56448